00286nam a2200121Ia 4500008004100000041000900041082001800050100001900068245002300087260003800110300000800148650000800156230718s9999 xx 000 0 und d aEng. a347.04bSYK-C aSykes, Thon K. 0aConstruction Claim aPakistanbSweet and Maxwellc1999 a254 aLaw